Statistics for Phoebe Bridgers - Punisher (Lyrics)

Click here to take the quiz!

General Stats

  • This quiz has been taken 191 times
  • The average score is 183 of 213

Answer Stats

Answer% Correct
I
99%
a
98%
A
98%
The
98%
the
98%
to
98%
you
98%
you?
98%
we
97%
in
96%
And
95%
and
95%
go
95%
When
95%
when
95%
But
92%
for
92%
If
92%
if
92%
never
92%
not
92%
on
92%
What
92%
where
92%
Who
92%
kicks
91%
know
91%
like
91%
told
91%
with
91%
nothing
90%
speed
90%
feel
89%
house
89%
lived
89%
met
89%
Snow
89%
White
89%
side
88%
store
88%
It's
87%
it's
87%
moved
87%
only
87%
all
86%
east
86%
ever
86%
hide
86%
my
86%
night
86%
open
86%
place
86%
plain
86%
real
86%
reason
86%
she
86%
sight
86%
your
86%
are
85%
by
85%
were
85%
walk
84%
wonder
84%
good
83%
or
83%
punishers
83%
right
83%
roof
83%
thought
83%
tiles
83%
too
83%
love
82%
much
82%
storybook
82%
could
80%
drugstores
80%
I'm
80%
so
80%
that
80%
trust
80%
thing's
79%
bad
78%
show
78%
funds
77%
stop
77%
Hear
76%
Wouldn't
76%
you're
76%
how
75%
just
75%
start
75%
best
74%
that's
74%
angry,
73%
bar
73%
face
73%
favorite
73%
forget
73%
from
73%
Man,
73%
mouth
73%
of
73%
stucco
73%
swear
73%
window,
73%
wish
73%
heart
72%
knows
72%
everyone
71%
killer
71%
talk
71%
way
71%
at
70%
caught
70%
chemical
70%
copycat
70%
get
70%
stories
70%
same
69%
say
69%
Either
68%
many
68%
can't
67%
here,
67%
some,
67%
wanna
67%
careless
66%
worst
65%
Dianetics
64%
even
64%
looking
64%
Most
62%
times,
62%
alone,
61%
sweet
61%
cut
60%
'Cause
57%

Score Distribution

Percentile by Number Answered

Percent of People with Each Score

Your Score History

You have not taken this quiz